Theoretische Grundlagen der deutschen Phonetik und ihre praktische Relevanz

Gespeichert in:
Bibliographische Detailangaben
1. Verfasser: Adamcová, Lívia
Format: Buchkapitel
Sprache:Deutsch
Schlagworte:
Tags: Tag hinzufügen
Keine Tags, Fügen Sie das erste Tag hinzu!

MARC

LEADER 00000nla a2200000 4500
001 0199465
005 20240502073358.7
041 0 |a ger 
044 |a SK 
245 1 0 |a Theoretische Grundlagen der deutschen Phonetik und ihre praktische Relevanz  |c Lívia Adamcová 
610 2 0 |a jazyky cudzie 
610 2 0 |a jazykoveda 
610 2 0 |a nemčina 
610 2 0 |a fonetika 
100 1 |a Adamcová, Lívia